Регионална библиотека "Любен Каравелов" - Русе

Публичното дружество (Запис номер 99514)

MARC детайли
000 -Лидер
Контролно поле с фиксирана дължина 01970nam a2200373 c 4500
003 - Код на организацията, давaща контролен номер
Контролно поле BLK
005 - Дата и час на последна редакция
Контролно поле 20180422105255.0
008 - Елементи от данни с фиксирана дължина
fixed length control field 180409b bul|||||r ||||||| ||bul||
010 ## - Наследен системен номер
LC control number KNG00104522000
020 ## - Международен стандартен номер на книга ISBN
Международен стандартен номер на книга ISBN 954-608-073-Х
-- издат.: Труд и право
040 ## - Източник на каталожния запис
Идентификатор на билиотеката - собственик на записа BLK
041 ## - Код за език
Код за езика на текст/звукозапис или на отделно заглавие Български
Код за езика КДБФ Български
080 ## - УДК
Текстов определител УДК Търговски дружества. Стопанско право. - Дружества с ограничена отговорност, акционерни дружества, кооперации (потребителни кооперации и др.) Вж и 658.1
УДК код - определител по УДК 347.72
УДК определител (497.2)
УДК - код + определител 347.72(497.2)
080 ## - УДК
Текстов определител УДК Размяна на акции. Паричен пазар. Борса. Капиталов пазар. Управление на частния капитал-Ценни книжа, акции, облигации, фондова борса, борсови операции и др.
УДК код - определител по УДК 336.76
УДК определител .000.34
УДК - код + определител 336.76.000.34
100 1# - Редна дума - Автор
Автор Калайджиев, Ангел Симеонов
Авторска отговорност първи автор
R(LIN) 365708
139 ## - Редно поле
Редна дума Калайджиев, Ангел Симеонов
Авторски знак Кал - К 16
245 10 - Сведения за заглавието
Заглавие Публичното дружество
Редно поле (дума) Ангел Симеонов Калайджиев.
257 ## - Страна на издаване
Страна на създаване/издаване България
260 ## - Област на издателските данни
-- София
Име на издателя, разпространителя и проч. Труд и право
Година на издаване 2002
Печатница София : Д. Благоев
300 ## - Физическа характеристика
Страници 216 с.
Размери/Мащаб 20 см
380 ## - Жанр
Жанр Обществени науки
650 #4 - Допълнително описание по предмет – тема
Основно описание – тема или топоним Търговско право - България
9 (RLIN) 243787
650 #4 - Допълнително описание по предмет – тема
Основно описание – тема или топоним Акционерни дружества - правни въпроси
9 (RLIN) 271917
650 #4 - Допълнително описание по предмет – тема
Основно описание – тема или топоним Търговски дружества - организация и управление
9 (RLIN) 244231
653 ## - Ключова дума – ненормативна
Ключова дума търговско право
653 ## - Ключова дума – ненормативна
Ключова дума акционерни дружества
653 ## - Ключова дума – ненормативна
Ключова дума акции
653 ## - Ключова дума – ненормативна
Ключова дума публични дружества
852 ## - Местоположение
Форматна сигнатура Цб 213324
856 4# - Електронен адрес и достъп
Електронен формат pdf - файл
Път до файла /url/
856 4# - Електронен адрес и достъп
Електронен формат pdf - файл
Път до файла /url/
942 ## - АРТИКУЛИ
Вид на библиотечния материал Книги
Скрит в OPAC Не
944 ## - СЪЗДАВАНЕ И РЕДАКЦИЯ на ЗАПИСА
Създаване/Редакция Създаване
Дата на регистрацията/редакция 01.01.2002
Служител, извършил регистрацията/редакцията Кети_Илиева
944 ## - СЪЗДАВАНЕ И РЕДАКЦИЯ на ЗАПИСА
Създаване/Редакция Редакция
Дата на регистрацията/редакция 23.10.2006
Служител, извършил регистрацията/редакцията
999 ## - СИСТЕМНИ КОНТРОЛНИ НОМЕРА
Koha biblionumber 99514
Koha biblioitemnumber 99514
Наличности
Код за отписване Код за изгубен артикул Код за повреда Коз за рестрикции Код за отдаване Артикулен № Име на библиотеката - собственик Име на библиотеката, в която се намира в момента Статус (Текущо местоположение) Дата на вписване в системата Местоположение - отдел Цена в лева Инвентарен номер Систематично азбучна сигнатура Баркод Номер на екземпляра Цена в евро Служебна бележка Служебен тип на артикула
  Не е изгубен Не е повреден без рестрикции ползва се в читалня 160289 Регионална библиотека "Любен Каравелов" Русе Регионална библиотека "Любен Каравелов" Русе Читалня 2002-12-05 Читалня 15.00 120000673622 Ч 347/К 16 120000673622 1 7.67 Дост: Pk Вид: Ф N: 43 Дата: 04.12.2002 Дата инв: 14.03.2017 Бележки инв: Ч2017 Книги
  Не е изгубен Не е повреден без рестрикции ползва се в читалня 160290 Регионална библиотека "Любен Каравелов" Русе Регионална библиотека "Любен Каравелов" Русе Хранилище 2004-01-12 Хранилище 15.00 120000681689 Цб 213324 120000681689 2 7.67 Дост: Dp Вид: Д N: 4 Дата: 09.01.2003 Книги
Vip Innovations Ltd, Rousse, Bulgaria 2025